The Structure and Dynamics of Polyelectrolyte Solutions

Na minha lista:
Detalhes bibliográficos
Autor principal: Sedlák, Marián (Author)
Formato: Manuscrito Livro
Idioma:eslovaco
Publicado em: Bratislava : STU v Bratislave ChtF, 1997
Edição:Obháj.: 9.12.1997
Tags: Adicionar Tag
Sem tags, seja o primeiro a adicionar uma tag!

MARC

LEADER 00000ntm a22000003a 4500
001 stu50696
005 20150617225705.9
008 991019s1997------------------------slo-d
040 |a STU  |b slo 
041 0 |a slo 
080 |a 678.01(043.6) 
100 1 |a Sedlák, Marián  |4 aut 
245 1 |a The Structure and Dynamics of Polyelectrolyte Solutions 
250 |a Obháj.: 9.12.1997 
260 |a Bratislava :  |b STU v Bratislave ChtF,  |c 1997 
300 |a 15 s 
500 |a Tab.,grafy,lit. + prílohySAV Ústav experimentálnej fyziky 
996 |b 284C009644  |c C*DD54  |l CCI  |s A  |a 24  |w stu50696_0001